000 00680nam a2200241 a 4500
001 55583
003 BD-RJUL
005 20211209080303.0
008 161120s1972 enk 001 0 eng
020 _a0413287602
020 _a041328770X (pbk.)
035 _a(BD-RJUL)55706
040 _aDLC
_cDLC
_dBD-RJUL
_beng
041 _aeng
082 _223
_a822.914
_bBOL 1975
100 1 _aBond, Edward.
_9165582
245 1 0 _aLear /
_cEdward Bond,
260 _aLondon :
_bEyre Methuen,
_cc1972 [reprinted 1975]
300 _axiv, 88 p. ;
_c20 cm
650 _aLear, -- King of England (Legendary character) -- Drama
_9165583
942 _2ddc
_cBK
999 _c55583
_d55583